• 首页
  • 本馆介绍
  • 公告通知
  • 最新文献
  • 馆藏检索
  • 电子资源
  • 读者导购
  • 参考咨询
  • 我的图书馆
  • 登录
  • 详细信息显示
  • 放入我的书架
  • 预约/预借图书
  • 作者相关作品
  • 分类相关作品
  • 丛书相关作品
  • 出版社相关作品

书目信息

  • 表格格式
  • 工作单格式
  • 卡片格式
题名:
《伤寒论》注评
    
 
作者: ;中医研究院研究生班 编著
分册:  
出版信息: 北京   中国中医药出版社  2018.01
页数: 522页
开本: 26cm
丛书名: 中医经典注评丛书
单 册:
中图分类: R222.22
科图分类:
主题词:
电子资源:
ISBN: 978-7-5132-4432-9
000 01034oam2 2200265 450
001 4680
005 20181015085723.12
010    @a978-7-5132-4432-9@b精装@dCNY198.00
100    @a20180412d2018 em y0chiy50 ea
101 0  @achi
102    @aCN@b110000
105    @ay z 001yy
200 1  @a《伤寒论》注评@9《shang han lun》zhu ping@e典藏版@f中医研究院研究生班编著
205    @a2版
210    @a北京@c中国中医药出版社@d2018.01
215    @a522页@d26cm
225 1  @a中医经典注评丛书
330    @a本书是在中医研究院研究生班学习研究《伤寒论》的过程中集体编写的。全书按宋·赵开美本条文排列顺序逐条加以评注,其编写体例是继每条原文后,分列“校勘”“词解”“句解”“提要”“选注”“评述”等项,对附有方剂的条文每方之后复列“方解”“验案”“评述”等项目。
461  0 @12001 @a中医经典注评丛书
605    @a《伤寒论》@x注释
605    @a《伤寒论》@x研究
690    @aR222.22@v5
711 02 @a中医研究院研究生班@9zhong yi yan jiu yuan yan jiu sheng ban@4编著
801  0 @aCN@b91MARC@c20180412
905    @aMuseLib@dR222.22@e470=2
    
    《伤寒论》注评:典藏版/中医研究院研究生班编著.-2版.-北京:中国中医药出版社,2018.01
    522页;26cm.-(中医经典注评丛书)
    
    
    ISBN 978-7-5132-4432-9(精装):CNY198.00
    本书是在中医研究院研究生班学习研究《伤寒论》的过程中集体编写的。全书按宋·赵开美本条文排列顺序逐条加以评注,其编写体例是继每条原文后,分列“校勘”“词解”“句解”“提要”“选注”“评述”等项,对附有方剂的条文每方之后复列“方解”“验案”“评述”等项目。
●
相关链接 在E读中查询图书 在五车中查询图书 在当当中查询图书 在豆瓣中查询图书


正题名:《伤寒论》注评     索取号:R222.22/470=2         预约/预借

序号 登录号 条形码 馆藏地/架位号 状态 备注
1 1126195   211261953   第二样本阅览室/ [索取号:R222.22/470=2] 在馆    
2 1126196   211261962   第三借阅区/ [索取号:R222.22/470=2] 在馆    
唐山师范学院图书馆 欢迎您!
大连网信软件有限公司© 版权所有